| 000 | 00906 a2200217 4500 | ||
|---|---|---|---|
| 005 | 20260427104835.0 | ||
| 008 | 260313b |||||||| |||| 00| 0 eng d | ||
| 020 | _a8173090564 (pbk) | ||
| 037 | _cTB | ||
| 040 |
_aCRL _cCRL |
||
| 041 |
_2hin _ahin |
||
| 084 |
_aQ2 152Q7 _qCRL |
||
| 245 | _aभागवत कहानियाँ | ||
| 260 |
_bसस्ता साहित्य प्रकाशन मण्डल, _c2017. _aनई दिल्ली, भारत: |
||
| 300 | _a64पृ. | ||
| 490 |
_aधर्म - कथा - भारती _v7 |
||
| 650 | _aधर्म | ||
| 700 |
_aजैन, यशपाल _eसम्पादक |
||
| 942 |
_cTB _2CC _hQ2 152Q7 |
||
| 999 |
_c1467296 _d1467296 |
||